header

Approaches to discourse particles (Record no. 83052)

MARC details
000 -LEADER
fixed length control field 01303nam a2200349Ia 4500
082 04 - DEWEY DECIMAL CLASSIFICATION NUMBER
Classification number 401.41
245 00 - TITLE STATEMENT
Title Approaches to discourse particles
260 ## - PUBLICATION, DISTRIBUTION, ETC. (IMPRINT)
Place of publication Amsterdam ;
-- Boston ;
-- London :
Name of publisher Elsevier,
Year of publication 2006.
300 ## - PHYSICAL DESCRIPTION
Number of Pages viii, 498 p. :
Other physical details ill.
490 1# - SERIES STATEMENT
Series statement Studies in pragmatics ;
650 #0 - SUBJECT ADDED ENTRY--TOPICAL TERM
Topical Term Discourse markers.
Topical Term Discourse analysis.
700 1# - ADDED ENTRY--PERSONAL NAME
Personal name Fischer, Kerstin,
856 40 - ELECTRONIC LOCATION AND ACCESS
Uniform Resource Identifier http://site.ebrary.com/lib/rucke/Doc?id=10138205

No items available.

© 2026 Rongo University
Contact us: librarian | system librarian | Rongo university